00488pab a2200145 454500008004000000100001900040245014500059260000900204300001300213362000800226650002600234700001800260700002200278773004200300180718b2008 xxu||||| |||| 00| 0 eng d aAvey, James B. aCan positive employees help positive organizational change? Impact of psychological capital and emotions on relevant attitudes and behaviors c2008 ap.48-70. aMar aOrganizational change aLuthans, Fred aWernsing, Tara S. aJournal of Applied Behavioral Science